• 首页
  • 本馆介绍
  • 公告通知
  • 最新文献
  • 馆藏检索
  • 电子资源
  • 读者导购
  • 参考咨询
  • 我的图书馆
  • 登录
  • 详细信息显示
  • 放入我的书架
  • 预约/预借图书
  • 作者相关作品
  • 分类相关作品
  • 丛书相关作品
  • 出版社相关作品

书目信息

  • 表格格式
  • 工作单格式
  • 卡片格式
题名:
国际关系学
    
 
作者: 郭学堂
分册:  
出版信息: 北京   时事出版社  2004
页数: 448
开本: 21cm
丛书名:
单 册:
中图分类: D80
科图分类:
主题词: 国际关系理论 , 外交理论
电子资源:
ISBN: 7-80009-820-6
000 00588nam0 2200217 450
001 0760515518
005 20070817164835.51
010    @a7-80009-820-6@d¥30.00
100    @a20070817d km y0chiy0120 ea
101 0  @achi
200 1  @a国际关系学@Aguo ji guan xi xue@e理论与实践@f郭学堂@Fguo xue tang
205    @a2版
210    @a北京@c时事出版社@d2004
215    @a448@d21cm
517 1  @a理论与实践@Ali lun yu shi jian
606 0  @a国际关系理论
606 0  @a外交理论
690    @aD80@v3
701  0 @a郭学堂@Aguo xue tang
801  0 @aCN@bPFT@c20070817
905    @a213230@dD80@eg11@f1
    
    国际关系学:理论与实践/郭学堂.-2版.-北京:时事出版社,2004
    448;21cm
    
    
    ISBN 7-80009-820-6:¥30.00
    
●
相关链接 在E读中查询图书 在五车中查询图书 在当当中查询图书 在豆瓣中查询图书


正题名:国际关系学     索取号:D80/g11         预约/预借

序号 登录号 条形码 馆藏地/架位号 状态 备注
1 6500617   265006174   密集书库-海洋学院/ [索取号:D80/g11] 在馆    
唐山师范学院图书馆 欢迎您!
大连网信软件有限公司© 版权所有